| 000 | 00604nam a2200217Ia 4500 | ||
|---|---|---|---|
| 008 | 240619s9999 xx 000 0 und d | ||
| 020 | _a978-99929-4-296-7 | ||
| 035 | _a3057 | ||
| 040 |
_aGS0142000 _bmon _cMN-UlNLM _dMN-UlNLM _erda |
||
| 041 | _amon | ||
| 042 | _a4175 | ||
| 084 |
_2NNA _a84 _bК-606 |
||
| 100 | _aКоллоди К. | ||
| 245 | 0 | _aПиноккио | |
| 264 |
_aУлаанбаатар _bСоёмбо паблишинг _c2009 |
||
| 300 | _a204х. | ||
| 336 |
_2rdacontent _atext _btxt |
||
| 337 |
_2rdamedia _aunmediated _bn |
||
| 338 |
_2rdacarrier _avolume _bnc |
||
| 942 |
_2NNA _cBK |
||
| 999 |
_c898083 _d898140 |
||